<?xml version="1.0" encoding="UTF-8"?><record xmlns="http://www.loc.gov/MARC21/slim" xmlns:zs="http://docs.oasis-open.org/ns/search-ws/sruResponse">
  <leader>02514cz  a2200313n  4500</leader>
  <controlfield tag="001">n  79133811 </controlfield>
  <controlfield tag="003">DLC</controlfield>
  <controlfield tag="005">20260123090720.6</controlfield>
  <controlfield tag="008">800626n| azannaabn          |a aaa      </controlfield>
  <datafield ind1=" " ind2=" " tag="010">
    <subfield code="a">n  79133811 </subfield>
  </datafield>
  <datafield ind1="7" ind2=" " tag="024">
    <subfield code="a">11853808X</subfield>
    <subfield code="2">gnd</subfield>
    <subfield code="0">https://d-nb.info/gnd/11853808X</subfield>
  </datafield>
  <datafield ind1="7" ind2=" " tag="024">
    <subfield code="a">0000000121185460</subfield>
    <subfield code="2">isni</subfield>
    <subfield code="1">http://isni.org/isni/0000000121185460</subfield>
  </datafield>
  <datafield ind1=" " ind2=" " tag="040">
    <subfield code="a">DLC</subfield>
    <subfield code="b">eng</subfield>
    <subfield code="e">rda</subfield>
    <subfield code="c">DLC</subfield>
    <subfield code="d">DLC</subfield>
    <subfield code="d">InU</subfield>
    <subfield code="d">DLC</subfield>
    <subfield code="d">NL-TiUL</subfield>
    <subfield code="d">MoSU</subfield>
    <subfield code="d">NL-TiUL</subfield>
  </datafield>
  <datafield ind1=" " ind2=" " tag="046">
    <subfield code="f">1904-01-29</subfield>
    <subfield code="g">1976-01-30</subfield>
    <subfield code="2">edtf</subfield>
  </datafield>
  <datafield ind1="1" ind2=" " tag="100">
    <subfield code="a">Gehlen, Arnold,</subfield>
    <subfield code="d">1904-1976</subfield>
  </datafield>
  <datafield ind1=" " ind2=" " tag="370">
    <subfield code="a">Leipzig (Germany)</subfield>
    <subfield code="b">Hamburg (Germany)</subfield>
    <subfield code="c">Germany</subfield>
    <subfield code="f">Speyer (Germany)</subfield>
    <subfield code="f">Aachen (Germany)</subfield>
    <subfield code="2">naf</subfield>
  </datafield>
  <datafield ind1=" " ind2=" " tag="372">
    <subfield code="a">Philosophical anthropology</subfield>
    <subfield code="2">lcsh</subfield>
  </datafield>
  <datafield ind1=" " ind2=" " tag="373">
    <subfield code="a">Rheinisch-Westfälische Technische Hochschule Aachen</subfield>
    <subfield code="2">naf</subfield>
    <subfield code="s">1962</subfield>
    <subfield code="t">1969</subfield>
  </datafield>
  <datafield ind1=" " ind2=" " tag="374">
    <subfield code="a">Philosophers</subfield>
    <subfield code="a">Anthropologists</subfield>
    <subfield code="a">Sociologists</subfield>
    <subfield code="a">College teachers</subfield>
    <subfield code="2">lcsh</subfield>
  </datafield>
  <datafield ind1=" " ind2=" " tag="374">
    <subfield code="a">University and college faculty members</subfield>
    <subfield code="2">lcdgt</subfield>
  </datafield>
  <datafield ind1=" " ind2=" " tag="377">
    <subfield code="a">ger</subfield>
  </datafield>
  <datafield ind1="1" ind2=" " tag="400">
    <subfield code="a">Gehlen, Arnold Karl Franz,</subfield>
    <subfield code="d">1904-1976</subfield>
  </datafield>
  <datafield ind1=" " ind2=" " tag="670">
    <subfield code="a">Der Staat und die Philosophie, 1935.</subfield>
  </datafield>
  <datafield ind1=" " ind2=" " tag="670">
    <subfield code="a">Anthropologische und soziolpsychologische Untersuchungen, 1986:</subfield>
    <subfield code="b">preliminary leaf (Arnold Gehlen; born January 29, 1904; died January 30, 1976)</subfield>
  </datafield>
  <datafield ind1=" " ind2=" " tag="670">
    <subfield code="a">Karneth, Rainer. Anthropo-Biologie und Biologie : biologische Kategorien bei Arnold Gehlen im Licht der Biologie, 1991:</subfield>
    <subfield code="b">title page (Arnold Gehlen) page 14 (died 1976)</subfield>
  </datafield>
  <datafield ind1=" " ind2=" " tag="670">
    <subfield code="a">Urmensch und Spätkultur sowie weitere Schriften zu einer Theorie der Institutionen, 2022:</subfield>
    <subfield code="b">title page (Arnold Gehlen)</subfield>
  </datafield>
  <datafield ind1=" " ind2=" " tag="670">
    <subfield code="a">German Wikipedia, viewed August 25, 2023</subfield>
    <subfield code="b">(Arnold Gehlen; Arnold Karl Franz Gehlen; born January 29, 1904 in Leipzig, Germany; died January 30, 1976 in Hamburg, Germany; philosopher, anthropologist and sociologist; member of the Nazi party during the Third Reich; considered important proponent of philosophical anthropology, and in the 1960's, viewed as the conservative counterpart to Theodor W. Adorno; from 1947 to 1961 taught at the Hochschule für Verwaltungswissenschaften Speyer; from 1962 to 1969 taught at the Rheinisch-Westfälische Technische Hochschule Aachen; unsuccessful in attempt to be called to a professorship at Heidelberg)</subfield>
    <subfield code="u">https://de.wikipedia.org/wiki/Arnold_Gehlen</subfield>
  </datafield>
  <datafield ind1=" " ind2=" " tag="670">
    <subfield code="a">Deutsche Nationalbibliothek online catalog, viewed August 25, 2023</subfield>
    <subfield code="b">(authorized access point: Gehlen, Arnold; other data in authority record: Dr.; German philosopher, sociologist and university professor; born 1904 in Leipzig; died 1976 in Hamburg)</subfield>
  </datafield>
  <datafield ind1=" " ind2=" " tag="670">
    <subfield code="a">Moral und Hypermoral, c2025:</subfield>
    <subfield code="b">t.p. (Arnold Gehlen)</subfield>
  </datafield>
</record>
